000 00416nam a22001697a 4500
005 20160517141127.0
008 160517b xxu||||| |||| 00| 0 eng d
020 _a81-203-1203-1
041 _aeng
082 _b2494
100 _aShaun Tyson Tony Jackson
_9687
245 _aThe Essence of Organizational Behaviour
260 _aNew Delhi
_bPHI,
_c2003
300 _a228
650 _aManagement
_9241
942 _cBK
999 _c906
_d906